|
|
|
|
| LEADER |
03507nam a2200601 4500 |
| 001 |
978-3-540-45165-5 |
| 003 |
DE-He213 |
| 005 |
20191027123106.0 |
| 007 |
cr nn 008mamaa |
| 008 |
121227s2001 gw | s |||| 0|eng d |
| 020 |
|
|
|a 9783540451655
|9 978-3-540-45165-5
|
| 024 |
7 |
|
|a 10.1007/3-540-45165-X
|2 doi
|
| 040 |
|
|
|d GrThAP
|
| 050 |
|
4 |
|a QA76.6-76.66
|
| 072 |
|
7 |
|a UM
|2 bicssc
|
| 072 |
|
7 |
|a COM051000
|2 bisacsh
|
| 072 |
|
7 |
|a UM
|2 thema
|
| 082 |
0 |
4 |
|a 005.11
|2 23
|
| 245 |
1 |
0 |
|a Java on Smart Cards: Programming and Security
|h [electronic resource] :
|b First International Workshop, JavaCard 2000 Cannes, France, September 14, 2000 Revised Papers /
|c edited by Isabelle Attali, Thomas Jensen.
|
| 250 |
|
|
|a 1st ed. 2001.
|
| 264 |
|
1 |
|a Berlin, Heidelberg :
|b Springer Berlin Heidelberg :
|b Imprint: Springer,
|c 2001.
|
| 300 |
|
|
|a X, 166 p.
|b online resource.
|
| 336 |
|
|
|a text
|b txt
|2 rdacontent
|
| 337 |
|
|
|a computer
|b c
|2 rdamedia
|
| 338 |
|
|
|a online resource
|b cr
|2 rdacarrier
|
| 347 |
|
|
|a text file
|b PDF
|2 rda
|
| 490 |
1 |
|
|a Lecture Notes in Computer Science,
|x 0302-9743 ;
|v 2041
|
| 505 |
0 |
|
|a Invited Talk -- Formal Methods in Context: Security and Java Card -- Contributed Papers -- A Dynamic Logic for the Formal Verification ofJava Card Programs -- The PACAP Prototype: A Tool for Detecting Java Card Illegal Flow -- CardKt: Automated Multi-modal Deduction on Java Cards for Multi-application Security -- A Programming and a Modelling Perspective on the Evaluation of Java Card Implementations -- Secure Internet Smartcards -- Issues in Smartcard Middleware -- Open Platfom Security -- A Simple(r) Interface Distribution Mechanism for Java Card -- Automatic Test Generation for Java Card Applets -- Formal Specification and Verification of Java Card's Application Identifier Class -- Security on Your Hand: Secure Filesystems with a "Non-cryptographic" JAVA-Ring.
|
| 650 |
|
0 |
|a Computer programming.
|
| 650 |
|
0 |
|a Computer communication systems.
|
| 650 |
|
0 |
|a Operating systems (Computers).
|
| 650 |
|
0 |
|a Special purpose computers.
|
| 650 |
|
0 |
|a Data encryption (Computer science).
|
| 650 |
|
0 |
|a Management information systems.
|
| 650 |
|
0 |
|a Computer science.
|
| 650 |
1 |
4 |
|a Programming Techniques.
|0 http://scigraph.springernature.com/things/product-market-codes/I14010
|
| 650 |
2 |
4 |
|a Computer Communication Networks.
|0 http://scigraph.springernature.com/things/product-market-codes/I13022
|
| 650 |
2 |
4 |
|a Operating Systems.
|0 http://scigraph.springernature.com/things/product-market-codes/I14045
|
| 650 |
2 |
4 |
|a Special Purpose and Application-Based Systems.
|0 http://scigraph.springernature.com/things/product-market-codes/I13030
|
| 650 |
2 |
4 |
|a Cryptology.
|0 http://scigraph.springernature.com/things/product-market-codes/I28020
|
| 650 |
2 |
4 |
|a Management of Computing and Information Systems.
|0 http://scigraph.springernature.com/things/product-market-codes/I24067
|
| 700 |
1 |
|
|a Attali, Isabelle.
|e editor.
|4 edt
|4 http://id.loc.gov/vocabulary/relators/edt
|
| 700 |
1 |
|
|a Jensen, Thomas.
|e editor.
|4 edt
|4 http://id.loc.gov/vocabulary/relators/edt
|
| 710 |
2 |
|
|a SpringerLink (Online service)
|
| 773 |
0 |
|
|t Springer eBooks
|
| 776 |
0 |
8 |
|i Printed edition:
|z 9783662179161
|
| 776 |
0 |
8 |
|i Printed edition:
|z 9783540421672
|
| 830 |
|
0 |
|a Lecture Notes in Computer Science,
|x 0302-9743 ;
|v 2041
|
| 856 |
4 |
0 |
|u https://doi.org/10.1007/3-540-45165-X
|z Full Text via HEAL-Link
|
| 912 |
|
|
|a ZDB-2-SCS
|
| 912 |
|
|
|a ZDB-2-LNC
|
| 912 |
|
|
|a ZDB-2-BAE
|
| 950 |
|
|
|a Computer Science (Springer-11645)
|